| 000 | 01169nam0a22002771 4500 | ||
|---|---|---|---|
| 001 | v19\rc\1958663 | ||
| 005 | 20260406005539.0 | ||
| 035 | _a(NLR Aleph) 005271677 | ||
| 090 |
_a6006185 _c6006185 |
||
| 100 | _a20080428d1913 |||y0rusy50 ca | ||
| 101 | 0 | _arus | |
| 102 | _aRU | ||
| 105 | _ay z ||||| | ||
| 200 | 1 |
_aЧто читать по украинской истории и литературе? _fС. Русова |
|
| 210 |
_aСанкт-Петербург _cКом. по постройке Учит. дома, состоящий при Постоянной комис. по устройству курсов для учителей _d1913 _gтип. т-ва "Наш век" |
||
| 215 |
_a11 с. _d18 |
||
| 225 | 1 |
_aСерия библиографических указателей _v№ 3 |
|
| 700 | 1 |
_8rus _7ca _aРусова _bС. Ф. _f1856-1940 _gСофья Федоровна _3RU\NLR\AUTH\77115018 _997943 |
|
| 801 | 0 |
_aRU _bNLR _c20080428 _gpsbo |
|
| 801 | 0 |
_aRU _bRuMoRGB _c20080428 _2psbo |
|
| 801 | 1 |
_aRU _bProSoft-M _c20080428 _2rusmarc |
|
| 801 | 2 |
_aRU _bNLR _c20121107 _2rusmarc |
|
| 852 |
_aNLR _jС589Ук/Р-88 |
||
| 942 | _cBOOK | ||
| 980 | _aNB | ||